Normal view
MARC view
Entry Topical Term
001 - CONTROL NUMBER
- control field: 1235727
003 - CONTROL NUMBER IDENTIFIER
- control field: OSt
005 - DATE AND TIME OF LATEST TRANSACTION
- control field: 20260427105540.0
008 - FIXED-LENGTH DATA ELEMENTS
- fixed length control field: 260427|| aca||aabn | a|a d
040 ## - CATALOGING SOURCE
- Original cataloging agency: OSt
- Transcribing agency: OSt
150 ## - HEADING--TOPICAL TERM
- Topical term or geographic name entry element: Plants
- General subdivision: Mythology
- Geographic subdivision: India
670 ## - SOURCE DATA FOUND
- Source citation: Work cat.: (OSt)1848550: Gupta, Shakti M., 863389, Plant myths and traditions in India /, 2001.
